Answers that are Black #2 - Statistics

General Stats
  • This quiz has been taken 31 times
  • The average score is 15 of 20
Answer Stats
Hint Answer % Correct
8) Popular phone in the 2000s before Iphones,also a fruit Blackberry
100%
4) Seeing one of these felines usedto mean bad luck Black Cat
100%
3) If you get hit in the faceyou may get this due to bruising Black Eye
100%
7) Major shopping day after Thanksgiving Black Friday
100%
16) Its at the center of the Milky Way Black Hole
100%
15) Also known as a power outage Blackout
97%
1) One who forges iron and steel into tools Blacksmith
97%
6) Feared pirate Edward Teach Blackbeard
90%
17) Small skin bump caused by a pore blockage Blackhead
86%
2) Ozzy Osbournes band Black Sabbath
83%
9) Extortion using blackmail Blackmail
79%
12) Tommy Lee Jones and Will Smith hunt aliens Men in Black
79%
18) To be banned from something/put under suspicion Blacklist
69%
20) Type of lamp that produces UV light Blacklight
62%
10) Classrooms used this in the 90s, writtenon with chalk Blackboard
59%
5) King T'Challa of Wakanda Black Panther
59%
19) South Dakota area where Mt Rushmore is located Black Hills
52%
13) Jack Sparrows' ship Black Pearl
45%
11) The surface of an asphalt road Blacktop
31%
14) His ship, the Whydah, was found off the coastof eastern Cape Cod Black Sam Bellamy
3%
No matching quizzes found
Score Distribution
Percent of People with Each Score
Percentile by Number Answered
Your Score History
You have not taken this quiz